Govt. of
Madhya Pradesh

Road To Freedom (Record no. 13714)

MARC details
000 -LEADER
fixed length control field 005270000a22001810004500
001 - CONTROL NUMBER
control field 001798
003 - CONTROL NUMBER IDENTIFIER
control field MACL
005 - DATE AND TIME OF LATEST TRANSACTION
control field 20150705132037.0
008 - FIXED-LENGTH DATA ELEMENTS--GENERAL INFORMATION
fixed length control field 150705b xxu||||| |||| 00| 0 eng d
040 ## - CATALOGING SOURCE
Original cataloging agency MACL
Transcribing agency MACL
041 ## - LANGUAGE CODE
Language code of text/sound track or separate title English
100 ## - MAIN ENTRY--PERSONAL NAME
Personal name Pathak, Bindeshwar
9 (RLIN) 802
245 ## - TITLE STATEMENT
Title Road To Freedom
Remainder of title A Sociological Study On The Abolition Of Scavenging In India
Statement of responsibility, etc. Bindeshwar Pathak
260 ## - PUBLICATION, DISTRIBUTION, ETC. (IMPRINT)
Place of publication, distribution, etc. Motilal Banarsi Dass Publishers,
Date of publication, distribution, etc. 1995
Name of publisher, distributor, etc. New Delhi
350 ## - PRICE (NR) (BK AM CF MU VM SE) [OBSOLETE]
Price 225
650 ## - SUBJECT ADDED ENTRY--TOPICAL TERM
Topical term or geographic name as entry element Social Science
9 (RLIN) 29
942 ## - ADDED ENTRY ELEMENTS (KOHA)
Call number prefix 305
Koha item type Books
Source of classification or shelving scheme
Holdings
Withdrawn status Lost status Source of classification or shelving scheme Damaged status Not for loan Home library Current library Date acquired Cost, normal purchase price Total Checkouts Full call number Barcode Date last seen Uniform Resource Identifier Price effective from Koha item type
          MACL MACL 05/07/2015 225.00   304.8/PAT CRE010771 02/05/2024 13593 15/04/2015 Books